| 000 | 00834nam a22001937a 4500 | ||
|---|---|---|---|
| 999 |
_c20809 _d20809 |
||
| 003 | AR-CdUCM | ||
| 008 | 190606b ||||| |||| 00| 0 spa d | ||
| 040 |
_aMUNICIPALIDAD PROVINCIAL DEL CUSCO _cBIBLIOTECA MUNICIPAL DEL CUSCO |
||
| 082 |
_a346.4 / _bV35 |
||
| 100 |
_aVásquez Ríos, Alberto _944002 |
||
| 245 | _aLos derechos reales / | ||
| 260 |
_aLima : _bSan Marcos, _c1996. |
||
| 300 |
_a254 páginas ; _c21 cm. |
||
| 505 | _aContenido : Concepto doctrinarios del derecho real -- Análisis comparativo de los derechos reales y personales -- Creación de los Derechos Reales -- Elementos de los derechos reales -- Clasificación de los derechos reales -- Disposiciones generales del libro V del del código civil ... | ||
| 650 |
_aDerecho _9739 |
||
| 650 |
_aBienes Posesión _944003 |
||
| 942 |
_2ddc _cLIBROS |
||
| 945 | _aAndy | ||